Normale Ansicht MARC-Ansicht ISBD

Rossija : (Titelsatznr. 27570)

[ MARC ]
MARC-Details
000 -Satzkennung
Kontrollfeld mit fester Länge 00560nam a22002051c 4500
001 - Kontrollnummer
Kontrollfeld a987680642
008 - Feld mit fester Länge zur physischen Beschreibung - Allgemeine Angaben
Kontrollfeld mit fester Länge 170623s1976 gw |||| 000u rus d
020 ## - Internationale Standardbuchnummer
Internationale Standardbuchnummer 0882333194
Verknüpfung 0-88233-319-4
041 ## - Sprachcode
Sprachcode des Textes/der Tonspur oder des separaten Titels rus
040 ## - Katalogisierungsquelle
Übertragungsstelle RU-10907106
003 - Kontrollnummer Identifier
Kontrollfeld RU-10907106
100 1# - Haupteintragung - Personenname
Personenname Kaiser, Robert
240 10 - Einheitstitel
Einheitstitel Russia : The People and the Power
245 00 - Titel
Titel Rossija :
Zusatz zum Titel Vlast' i narod /
Verfasserangabe etc. Robert Kaiser, Perevod s anglijskogo N. Mochovoj
264 ## - Produktion, Veröffentlichung, Distribution, Herstellung und Urheberrechtsvermerk
Herstellungs-, Veröffentlichungs- Vertriebs-, Erzeugungsort Ann Arbor :
Produzent, Herausgeber, Distributor, Hersteller Ardis,
Datum der Herstellung, der Veröffentlichung, des Vertriebs oder des Urheberschutzvermerks 1976
300 ## - Physische Beschreibung
Umfang 572 S.
650 #0 - Nebeneintragung unter einem Schlagwort - Sachschlagwort
Sachschlagwort oder geografischer Name als Eintragungselement Alltag
651 #0 - Nebeneintragung unter einem Schlagwort - Geografischer Name
Geografischer Name Sowjetunion
942 ## - Zusätzliche Felder (Koha)
Koha-Medientyp Monographien
Exemplare
Ausgeschieden Verloren Klassifikation oder Aufstellungssystematik Beschädigt Nicht entleihbar Heimatbibliothek Aufenthaltsbibliothek Aufstellungsort Erwerbungsdatum Inventarnummer Signatur Barcode Letzte Aktivität Preis gültig von Koha-Medientyp
    Andere/Generische Klassifikation     MWN Osteuropa MWN Osteuropa Magazin - 2 23/06/2017 17-02999 R 64 k Kai (R) E00401507902AFC9 23/02/2021 22/03/2021 Monographien